Los Estados Unidos desde 1816 hasta la guerra civil (Registro nro. 729)

Detalles MARC
000 -CABECERA
Longitud fija campo de control 01012nam a2200289Ia 4500
005 - • FECHA Y HORA DE LA ÚLTIMA TRANSACCIÓN
Fecha y hora de la última transacción 20220316235348.0
008 - • CÓDIGOS DE INFORMACIÓN DE LONGITUD FIJA
Códigos de información de longitud fija 121119s2000 sp a gr 000 0 spa
020 ## - • NÚMERO INTERNACIONAL NORMALIZADO PARA LIBROS
Número Internacional Normalizado para Libros (ISBN) 8420637858
041 1# - • CÓDIGO DE LENGUA
Código de lengua del texto/banda sonora o título independiente spa
082 04 - • NÚMERO DE LA CLASIFICACIÓN DECIMAL DEWEY
Número de clasificación (R) 973.7
Número del ítem A73E
040 ## - FUENTE DE LA CATALOGACIÓN
Centro catalogador de origen CO-BoRNBP
Lengua de catalogación spa
Normas de descripción rda
Centro transcriptor CO-BoRNBP
100 1# - • PUNTO DE ACCESO PRINCIPAL-NOMBRE DE PERSONA
Nombre de persona Asimov, Isaac,
Fechas asociadas al nombre 1920-1992
245 14 - • TITULO PROPIAMENTE DICHO
Título Los Estados Unidos desde 1816 hasta la guerra civil
Mención de responsabilidad, etc. Isaac Asimov ; traducción de Néstor A. Míguez
250 ## - • MENCIÓN DE EDICIÓN
Mención de edición Primera edición
264 #1 - PRODUCCIÓN, PUBLICACIÓN , DISTRIBUCIÓN, FABRICACIÓN Y COPYRIGHT
Lugar de producción, publicación, distribución, fabricación Madrid
Nombre del productor, editor, distribuidor, fabricante Alianza
Fecha de de producción, publicación, distribución, fabricación o copyright 2000
300 ## - • DESCRIPCIÓN FÍSICA
Extensión 362 páginas
Otras características físicas ilustraciones
Dimensiones 18 cm.
336 ## - TIPO DE CONTENIDO
Término de tipo de contenido texto
Código de tipo de contenido txt
Fuente rdacontent
337 ## - TIPO DE MEDIO
Nombre del tipo de medio sin mediación
Código del tipo de medio n
Fuente rdamedia
338 ## - TIPO DE SOPORTE
Nombre del tipo de soporte volumen
Código del tipo de soporte nc
Fuente rdacarrier
490 0# - • MENCIÓN DE SERIE
Mención de serie El libro de bolsillo
500 ## - • NOTA GENERAL
Nota general Incluye cronología
650 14 - • PUNTO DE ACCESO ADICIONAL DE MATERIA - TÉRMINO DE MATERIA
Fuente del encabezamiento o término LEMB
Término de materia o nombre geográfico como elemento inicial Historia
Subdivisión cronológica 1816-1865
Subdivisión geográfica Estados Unidos
650 14 - • PUNTO DE ACCESO ADICIONAL DE MATERIA - TÉRMINO DE MATERIA
Fuente del encabezamiento o término LEMB
Término de materia o nombre geográfico como elemento inicial Guerra y sucesiones
Subdivisión cronológica 1861-1865
Subdivisión geográfica Estados Unidos
650 14 - • PUNTO DE ACCESO ADICIONAL DE MATERIA - TÉRMINO DE MATERIA
Fuente del encabezamiento o término LEMB
Término de materia o nombre geográfico como elemento inicial Política y gobierno
Subdivisión cronológica 1861-1865
Subdivisión geográfica Estados Unidos
700 1# - • PUNTO DE ACCESO ADICIONAL - NOMBRE DE PERSONA
Nombre de persona Míguez, Néstor A.
Término indicativo de función traductor
942 ## - ENTRADA DE ELEMENTOS AGREGADOS (KOHA)
Fuente de clasificaión o esquema Dewey Decimal Classification
Koha [por defecto] tipo de item LIbro
Existencias
Perdido Fuente de clasificación o esquema Estado Físico No para préstamo Forma de adquisición Localización permanente Localización actual Localización en estanterías Fecha adquisición Préstamos totales Signatura completa Código de barras Fecha última consulta Número de copia Fecha del precio de reemplazo Tipo de item de Koha
  Dewey Decimal Classification     Colección General Biblioteca Pública Dorado Biblioteca Pública Dorado General 01/20/2023   973.7 A73e DOR01039 01/20/2023 Ej.1 01/20/2023 LIbro
  Dewey Decimal Classification     Colección General Biblioteca Pública Fuentedeoro - Henry Llanos García Biblioteca Pública Fuentedeoro - Henry Llanos García General 05/23/2023   973.7 A73e Fo0000745 05/23/2023 Ej.1 05/23/2023 LIbro
  Dewey Decimal Classification     Colección General Biblioteca Pública José Eustasio Rivera - San Martin Biblioteca Pública José Eustasio Rivera - San Martin General 03/16/2024   973.7 A73e SM03369 03/16/2024 Ej.1 03/16/2024 LIbro
  Dewey Decimal Classification     Colección General Biblioteca Pública Lejanias Biblioteca Pública Lejanias General 12/11/2025   973.7 A73E LEJ01683 12/11/2025 Ej.1 12/11/2025 LIbro
  Dewey Decimal Classification     Colección General Biblioteca Pública Puerto Lleras Biblioteca Pública Puerto Lleras General 01/24/2025   973.7 A73e PLL01826 01/24/2025 Ej.1 01/24/2025 LIbro
  Dewey Decimal Classification     Colección General Biblioteca Pública San Carlos de Guaroa - Eduardo Carranza Biblioteca Pública San Carlos de Guaroa - Eduardo Carranza General 07/07/2025   973.7 A73e SG03560 07/07/2025 Ej.1 07/07/2025 LIbro
  Dewey Decimal Classification     Colección General Biblioteca Pública El Castillo - Alfonso Meneses Biblioteca Pública El Castillo - Alfonso Meneses General 08/16/2023   973.7 A73e EC01363 08/16/2023 Ej.1 08/16/2023 LIbro
  Dewey Decimal Classification     Colección General Biblioteca Pública Guamal Biblioteca Pública Guamal General 04/20/2023   973.7 A73e GUA003305 04/20/2023 Ej.1 04/20/2023 LIbro
  Dewey Decimal Classification     Colección General Biblioteca Pública Mapiripan Biblioteca Pública Mapiripan General 01/11/2024   973.7 A73e MAP00001685 01/11/2024 Ej.1 01/11/2024 LIbro
  Clasificación Local Facetada     Colección General Biblioteca Pública Puerto Concordia Biblioteca Pública Puerto Concordia General 03/10/2026   973.7 A73E PCON02588 03/10/2026 Ej.1 03/10/2026 LIbro
  Dewey Decimal Classification     Colección General Biblioteca Pública Puerto Rico Biblioteca Pública Puerto Rico General 04/11/2023   973.7 A73e PR00000937 04/11/2023 Ej.1 04/11/2023 LIbro
  Dewey Decimal Classification     Colección General Biblioteca Pública San Juan de Arama - Concepción de Arama Biblioteca Pública San Juan de Arama - Concepción de Arama General 05/29/2023   973.7 A73e SJA00076 05/29/2023 Ej.1 05/29/2023 LIbro









Instituto Departamental de Cultura del Meta - Red Departamental de Bibliotecas Públicas del Meta.